[Event "London league"]
[Site "?"]
[Date "1973.11.27"]
[Round "?"]
[White "Scott, D."]
[Black "Stebbings, A."]
[Result "1/2-1/2"]
[WhiteElo "1968"]
[BlackElo "2184"]
[PlyCount "35"]
[EventDate "1973.??.??"]

1. d4 Nf6 2. c4 g6 3. Nc3 d5 4. Nf3 Bg7 5. Qb3 dxc4 6. Qxc4 O-O 7. e4 Bg4 8.
Be3 Nfd7 9. Be2 Nb6 10. Qc5 c6 11. Rd1 N8d7 12. Qg5 Bxf3 13. gxf3 e5 14. Qxd8
Rfxd8 15. d5 cxd5 16. Nxd5 Nxd5 17. Rxd5 Nf8 18. Bc4 1/2-1/2

[Event "County match"]
[Site "?"]
[Date "1973.12.01"]
[Round "?"]
[White "Pitt, M."]
[Black "Stebbings, A."]
[Result "1/2-1/2"]
[WhiteElo "2000"]
[BlackElo "2184"]
[PlyCount "34"]
[EventDate "1973.??.??"]

1. d4 Nf6 2. c4 g6 3. Nc3 d5 4. Bf4 Bg7 5. e3 c5 6. Rc1 cxd4 7. exd4 O-O 8. Nf3
Nc6 9. Ne5 dxc4 10. Nxc6 bxc6 11. Bxc4 Qb6 12. Qd2 Rd8 13. Be5 Nd5 14. Bxg7
Kxg7 15. O-O Nxc3 16. bxc3 Bf5 17. Rfe1 Rd7 1/2-1/2

[Event "Tournament: Islington Open"]
[Site "?"]
[Date "1973.12.07"]
[Round "?"]
[White "Leach, C."]
[Black "Stebbings, A."]
[Result "0-1"]
[WhiteElo "1800"]
[BlackElo "2184"]
[PlyCount "66"]
[EventDate "1973.??.??"]

1. e4 c5 2. Nf3 e6 3. d4 cxd4 4. Nxd4 Nc6 5. Nc3 a6 6. Be3 Qc7 7. Be2 Nf6 8.
O-O Bb4 9. Bd3 Ne5 10. Nde2 Bxc3 11. Nxc3 Neg4 12. g3 Nxe3 13. fxe3 Qb6 14. Qd2
Ng4 15. Rae1 d6 16. Rf4 Ne5 17. Be2 Qxb2 18. Rb1 Qa3 19. Rb3 Qc5 20. Na4 Qc7
21. Rb6 Bd7 22. Rxd6 Bxa4 23. Qd4 O-O 24. Qxe5 Qxc2 25. Qh5 g6 26. Qg4 Qxa2 27.
e5 Qa1+ 28. Kf2 Qxe5 29. Rdd4 Bc6 30. Qh3 a5 31. Rh4 Qf5+ 32. Qxf5 exf5 33. Bc4
Rfd8 0-1

[Event "Tournament: Islington Open"]
[Site "?"]
[Date "1973.12.08"]
[Round "?"]
[White "Stebbings, A."]
[Black "Akvist, H."]
[Result "0-1"]
[WhiteElo "2184"]
[BlackElo "2344"]
[PlyCount "54"]
[EventDate "1973.??.??"]

1. e4 e5 2. Nf3 Nc6 3. Bc4 Nf6 4. Ng5 d5 5. exd5 Nd4 6. c3 b5 7. Bf1 Nxd5 8.
Ne4 Qh4 9. Ng3 Bg4 10. f3 Nf5 11. Bxb5+ Kd8 12. O-O Bc5+ 13. d4 exd4 14. Nxf5
Bxf5 15. Bc6 d3+ 16. Kh1 Bd6 17. f4 Nf6 18. Bxa8 Ng4 19. Qxg4 Qxg4 20. Bf3 Qg6
21. g3 Re8 22. Nd2 Bh3 23. Rg1 Bc5 24. Rd1 Bg4 25. Rf1 Re2 26. b4 Rxh2+ 27.
Kxh2 Qh5+ 0-1

[Event "Tournament: Islington Open"]
[Site "?"]
[Date "1973.12.08"]
[Round "?"]
[White "Franks, J."]
[Black "Stebbings, A."]
[Result "0-1"]
[WhiteElo "1904"]
[BlackElo "2184"]
[PlyCount "38"]
[EventDate "1973.??.??"]

1. e4 c5 2. d4 cxd4 3. c3 dxc3 4. Nxc3 Nc6 5. Nf3 d6 6. Bc4 e6 7. O-O Nge7 8.
Qe2 Ng6 9. Rd1 Be7 10. b3 a6 11. Bb2 O-O 12. Rac1 Bd7 13. Qe3 b5 14. Bd3 Qb8
15. h4 Nce5 16. h5 Nxf3+ 17. gxf3 Ne5 18. Bb1 Qa7 19. Qd2 Nxf3+ 0-1

[Event "Tournament: Islington Open"]
[Site "?"]
[Date "1973.12.08"]
[Round "?"]
[White "Stebbings, A."]
[Black "Thompson, M."]
[Result "1-0"]
[WhiteElo "2184"]
[BlackElo "2112"]
[PlyCount "95"]
[EventDate "1973.??.??"]

1. e4 c5 2. Nf3 Nc6 3. d4 cxd4 4. Nxd4 Nf6 5. Nc3 Qb6 6. Nb3 d6 7. Be3 Qc7 8.
Qd2 Bd7 9. f3 g6 10. O-O-O h6 11. g4 Ne5 12. Qf2 Qb8 13. Kb1 b5 14. h4 Bg7 15.
Rg1 b4 16. Nd5 Nxd5 17. exd5 a5 18. Bd4 a4 19. Nc1 O-O 20. Be2 Rc8 21. f4 Nc4
22. Bxg7 Na3+ 23. bxa3 bxa3+ 24. Ka1 Kxg7 25. Qd4+ Kg8 26. c4 e5 27. fxe5 dxe5
28. Qc3 Bb5 29. d6 Bd7 30. Qxa3 Qa7 31. Qc3 Rab8 32. Nd3 Rb3 33. axb3 axb3+ 34.
Kb1 Qa2+ 35. Kc1 Qxe2 36. Qxb3 Ra8 37. Qb2 Qe3+ 38. Kb1 Ba4 39. Qb7 Ra7 40.
Qb8+ Kg7 41. d7 Rxd7 42. Rge1 Qd4 43. Rd2 e4 44. Qb4 exd3 45. Qb2 Bc2+ 46. Kc1
Qxb2+ 47. Kxb2 Rb7+ 48. Kc3 1-0

[Event "Tournament: Islington Open"]
[Site "?"]
[Date "1973.12.09"]
[Round "?"]
[White "Mestel, A."]
[Black "Stebbings, A."]
[Result "1-0"]
[WhiteElo "2328"]
[BlackElo "2184"]
[PlyCount "71"]
[EventDate "1973.??.??"]

1. e4 c5 2. Nf3 e6 3. d4 cxd4 4. Nxd4 a6 5. c4 Nf6 6. Nc3 Bb4 7. Bd3 Nc6 8. Bc2
Qc7 9. O-O Nxd4 10. Qxd4 Ng4 11. e5 Nxe5 12. Ne4 d6 13. Bf4 b6 14. a3 Bc5 15.
Qc3 f5 16. Nxc5 bxc5 17. Ba4+ Kf7 18. Rad1 Rd8 19. Bxe5 dxe5 20. Rxd8 Qxd8 21.
Qxe5 Qe7 22. Rd1 Ra7 23. h3 Rc7 24. Rd6 Kg8 25. Bc6 Kf8 26. b4 cxb4 27. axb4
Kf7 28. b5 axb5 29. cxb5 Bd7 30. Bxd7 Rxd7 31. Rxd7 Qxd7 32. b6 g6 33. Qb8 Qd1+
34. Kh2 Qe1 35. b7 Qxf2 36. Qc7+ 1-0

[Event "Tournament: Islington Open"]
[Site "?"]
[Date "1973.12.09"]
[Round "?"]
[White "Stebbings, A."]
[Black "MacDonaldRoss, S."]
[Result "1-0"]
[WhiteElo "2184"]
[BlackElo "2048"]
[PlyCount "43"]
[EventDate "1973.??.??"]

1. e4 c5 2. Nf3 Nc6 3. d4 cxd4 4. Nxd4 Nf6 5. Nc3 d6 6. Be3 e6 7. f4 Be7 8. Qf3
O-O 9. O-O-O Qc7 10. g4 a6 11. g5 Nd7 12. h4 b5 13. g6 Nxd4 14. gxh7+ Kxh7 15.
Bxd4 Bf6 16. e5 dxe5 17. fxe5 Be7 18. Bd3+ Kg8 19. Rhg1 Nxe5 20. Rxg7+ Kh8 21.
Qh5+ Kxg7 22. Rg1+ 1-0

[Event "Essex league"]
[Site "?"]
[Date "1973.12.12"]
[Round "?"]
[White "Stebbings, A."]
[Black "Harding, C."]
[Result "1/2-1/2"]
[WhiteElo "2184"]
[BlackElo "2048"]
[PlyCount "60"]
[EventDate "1973.??.??"]

1. d4 Nf6 2. c4 g6 3. Nc3 Bg7 4. e4 d6 5. f4 c5 6. d5 O-O 7. Nf3 e6 8. Be2 exd5
9. cxd5 Na6 10. O-O Nc7 11. a4 a6 12. Nd2 b6 13. Nc4 Rb8 14. Be3 Nfe8 15. Qd2
b5 16. axb5 axb5 17. Na5 Bd7 18. e5 c4 19. exd6 Nxd6 20. Bc5 Bxc3 21. bxc3 Ne4
22. Qd4 Nxc5 23. Qxc5 Na6 24. Qd4 Qb6 25. Rfd1 Qxd4+ 26. Rxd4 Nc5 27. Rad1 Rb6
28. Bf3 Re8 29. Rb1 Ra6 30. Nc6 Nb3 1/2-1/2

[Event "Tournament: BCF ch. qualifier"]
[Site "?"]
[Date "1973.12.16"]
[Round "?"]
[White "Stebbings, A."]
[Black "Ripp, J."]
[Result "1-0"]
[WhiteElo "2184"]
[BlackElo "2024"]
[PlyCount "105"]
[EventDate "1973.??.??"]

1. e4 Nf6 2. e5 Nd5 3. d4 d6 4. Nf3 Bg4 5. Be2 e6 6. O-O Be7 7. c4 Nb6 8. h3
Bh5 9. exd6 cxd6 10. Nc3 O-O 11. Be3 d5 12. c5 Bxf3 13. Bxf3 Nc4 14. Bf4 Nc6
15. b3 N4a5 16. Rb1 Bf6 17. Ne2 Qd7 18. b4 Nc4 19. b5 Ne7 20. Qd3 Nf5 21. Bg4
Rfe8 22. Bxf5 exf5 23. Nc3 g6 24. a4 Re6 25. Rfd1 Rae8 26. Qf3 Rd8 27. Rb4 Na5
28. Qg3 Nc4 29. Bg5 Bxg5 30. Qxg5 Rde8 31. Qc1 Na5 32. Rb1 Nc4 33. Qf4 Kg7 34.
Kf1 Kg8 35. Qc1 Kg7 36. Kg1 Kg8 37. Ra1 Na5 38. Qb1 Kg7 39. Qb4 b6 40. Rac1 Kg8
41. Qb1 Nc4 42. Qa2 f4 43. c6 Qd6 44. Nxd5 Qxd5 45. Qxc4 Qg5 46. d5 Re4 47. Qd3
Re2 48. c7 R8e3 49. c8=Q+ Kg7 50. Qd4+ Kh6 51. Qch8 Re5 52. Qf8+ Kh5 53. Qxf7
1-0

[Event "Tournament: BCF ch. qualifier"]
[Site "?"]
[Date "1974.01.01"]
[Round "?"]
[White "Stirling, W."]
[Black "Stebbings, A."]
[Result "1/2-1/2"]
[WhiteElo "2048"]
[BlackElo "2184"]
[PlyCount "37"]
[EventDate "1974.??.??"]

1. e4 c5 2. Nf3 e6 3. d4 cxd4 4. Nxd4 Nc6 5. Nb5 d6 6. Bf4 e5 7. Be3 a6 8. N5c3
Nf6 9. Bg5 Be7 10. Bxf6 Bxf6 11. Bc4 O-O 12. O-O Be6 13. Nd5 Bg5 14. Nbc3 b5
15. Bb3 Rb8 16. Qd3 Kh8 17. Rad1 Qd7 18. Ne3 Rfd8 19. Nf5 1/2-1/2

[Event "Essex league"]
[Site "?"]
[Date "1974.01.07"]
[Round "?"]
[White "Escott, K."]
[Black "Stebbings, A."]
[Result "0-1"]
[WhiteElo "2112"]
[BlackElo "2184"]
[PlyCount "56"]
[EventDate "1974.??.??"]

1. e4 c5 2. Nf3 e6 3. d4 cxd4 4. Nxd4 Nc6 5. Nc3 a6 6. g3 Nge7 7. Bg2 Nxd4 8.
Qxd4 Nc6 9. Qd1 Be7 10. O-O O-O 11. Kh1 Qc7 12. f4 d6 13. Be3 b5 14. Ne2 Bd7
15. c3 e5 16. f5 Na5 17. b3 Rfd8 18. g4 Bc6 19. g5 Qb7 20. Qc2 Bf8 21. Ng3 d5
22. Rad1 Rac8 23. Qf2 dxe4 24. Rxd8 Rxd8 25. Bb6 e3 26. Bxe3 Rd3 27. Bxc6 Qxc6+
28. Kg1 Rxe3 0-1

[Event "County match"]
[Site "?"]
[Date "1974.01.12"]
[Round "?"]
[White "Holland, J."]
[Black "Stebbings, A."]
[Result "0-1"]
[WhiteElo "2088"]
[BlackElo "2184"]
[PlyCount "80"]
[EventDate "1974.??.??"]

1. e4 c5 2. Nf3 e6 3. d3 Nc6 4. Nbd2 d5 5. g3 Bd6 6. Bg2 Nge7 7. O-O O-O 8. Re1
b5 9. h4 a5 10. Nf1 f5 11. e5 Bc7 12. Bf4 Ng6 13. Ng5 Ngxe5 14. Bxe5 Bxe5 15.
c4 h6 16. cxd5 hxg5 17. dxc6 Bc7 18. hxg5 Qxg5 19. d4 Rd8 20. d5 f4 21. Qd2
exd5 22. Rad1 d4 23. Nh2 Qg6 24. Re7 fxg3 25. Rxc7 gxh2+ 26. Kh1 Be6 27. Qf4
Bd5 28. Qg3 Bxg2+ 29. Qxg2 Qxg2+ 30. Kxg2 Rac8 31. Rb7 b4 32. c7 Rd7 33. Rb5
Rcxc7 34. Rxa5 c4 35. Rb5 c3 36. Rb8+ Kf7 37. Rxb4 c2 38. Rc1 d3 39. Rf4+ Kg6
40. Rg4+ Kf5 0-1

[Event "National Club ch."]
[Site "?"]
[Date "1974.01.19"]
[Round "?"]
[White "Pool, R."]
[Black "Stebbings, A."]
[Result "1/2-1/2"]
[WhiteElo "2016"]
[BlackElo "2184"]
[PlyCount "43"]
[EventDate "1974.??.??"]

1. c4 Nf6 2. Nf3 e6 3. g3 d5 4. Bg2 Nbd7 5. O-O Bd6 6. b3 O-O 7. Nc3 c6 8. d4
b6 9. cxd5 exd5 10. Qc2 Re8 11. Bg5 h6 12. Bxf6 Nxf6 13. e3 Qe7 14. Rfe1 Bb7
15. Rad1 Rad8 16. Rc1 Ne4 17. Nxe4 dxe4 18. Nd2 c5 19. dxc5 Bxc5 20. Nc4 f5 21.
Red1 Rxd1+ 22. Rxd1 1/2-1/2

[Event "County match"]
[Site "?"]
[Date "1974.01.26"]
[Round "?"]
[White "Stevenson, D."]
[Black "Stebbings, A."]
[Result "1-0"]
[WhiteElo "1960"]
[BlackElo "2184"]
[PlyCount "83"]
[EventDate "1974.??.??"]

1. e4 c5 2. f4 Nf6 3. Nc3 d5 4. e5 Nfd7 5. Bb5 a6 6. Bxd7+ Nxd7 7. Nf3 e6 8.
O-O Be7 9. d3 O-O 10. Qe1 f6 11. Qg3 f5 12. d4 b5 13. Be3 cxd4 14. Nxd4 Nb8 15.
Nce2 b4 16. Kh1 a5 17. c3 Qd7 18. Rac1 Bb7 19. Rfd1 Na6 20. cxb4 axb4 21. Rc2
Rfc8 22. Rdc1 Bf8 23. Rxc8 Rxc8 24. Rxc8 Bxc8 25. Bd2 Qc7 26. Qb3 Qc4 27. Qc2
Bd7 28. b3 Qxc2 29. Nxc2 Kf7 30. Nc1 Bb5 31. Nd4 Nc7 32. Nxb5 Nxb5 33. Nd3 Nc3
34. a3 Nb1 35. Bxb4 Nxa3 36. Bxf8 Kxf8 37. Kg1 Ke7 38. Nc5 Nb5 39. Kf2 Nc7 40.
Ke3 Kd8 41. Kd3 Kc8 42. Kc3 1-0

[Event "London league"]
[Site "?"]
[Date "1974.02.01"]
[Round "?"]
[White "Marshall, A."]
[Black "Stebbings, A."]
[Result "1-0"]
[WhiteElo "2072"]
[BlackElo "2184"]
[PlyCount "73"]
[EventDate "1974.??.??"]

1. e4 c5 2. Nf3 e6 3. d4 cxd4 4. Nxd4 Nc6 5. Be3 Nf6 6. Nc3 Bb4 7. Nxc6 bxc6 8.
Bd3 d5 9. e5 d4 10. exf6 dxc3 11. b3 Qxf6 12. a3 Ba5 13. Be4 Bb7 14. Qd6 e5 15.
Qxf6 gxf6 16. O-O-O Bb6 17. Rd3 Ke7 18. Rhd1 Rad8 19. Rxc3 h5 20. b4 Rxd1+ 21.
Kxd1 Rd8+ 22. Ke2 Ba6+ 23. Kf3 Bb5 24. Bc5+ Bxc5 25. Rxc5 Rd6 26. Kg3 Ke6 27.
Bf3 f5 28. Bxh5 f4+ 29. Kh3 Rd2 30. c4 Ba4 31. Ra5 Rd3+ 32. g3 Rxa3 33. Rxa7 f5
34. Bd1 f3 35. Rxa4 Rxa4 36. Bxa4 e4 37. Bxc6 1-0

[Event "Essex league"]
[Site "?"]
[Date "1974.02.14"]
[Round "?"]
[White "Jones, K."]
[Black "Stebbings, A."]
[Result "0-1"]
[WhiteElo "1648"]
[BlackElo "2184"]
[PlyCount "136"]
[EventDate "1974.??.??"]

1. e4 c5 2. Nf3 e6 3. d4 cxd4 4. Nxd4 Nc6 5. Nc3 a6 6. Be2 Qc7 7. O-O Nf6 8.
Bg5 Be7 9. Kh1 O-O 10. f4 d6 11. Qd2 Rd8 12. Nf3 b5 13. a3 Bb7 14. Bd3 Rac8 15.
Rab1 b4 16. axb4 Nxb4 17. Rfc1 h6 18. Bh4 d5 19. exd5 Nfxd5 20. Bxe7 Nxe7 21.
Ne2 Nxd3 22. cxd3 Qd6 23. Rxc8 Rxc8 24. d4 Bxf3 25. gxf3 Qc6 26. Qc3 Qd5 27.
Qd3 Nf5 28. Kg2 Qc4 29. Qxc4 Rxc4 30. Ra1 Nxd4 31. Nxd4 Rxd4 32. Rxa6 Rd2+ 33.
Kg3 Rxb2 34. Ra8+ Kh7 35. h4 Kg6 36. Kg4 Rg2+ 37. Kh3 Rg1 38. Ra5 Rd1 39. Kg3
f6 40. Ra6 Kf5 41. Ra5+ Rd5 42. Ra4 h5 43. Rb4 g6 44. Ra4 g5 45. fxg5 fxg5 46.
hxg5 Kxg5 47. Ra8 h4+ 48. Kg2 Rd2+ 49. Kh3 Rf2 50. Rf8 e5 51. Rg8+ Kf4 52. Rf8+
Ke3 53. Kxh4 Rxf3 54. Re8 e4 55. Kg4 Rf7 56. Kg3 Rg7+ 57. Kh3 Kf3 58. Rf8+ Ke2
59. Re8 e3 60. Rd8 Ke1 61. Re8 e2 62. Rd8 Rg5 63. Rd7 Kf2 64. Rf7+ Ke3 65. Re7+
Kf3 66. Kh4 Rg4+ 67. Kh5 Re4 68. Rf7+ Ke3 0-1

[Event "County match"]
[Site "?"]
[Date "1974.02.16"]
[Round "?"]
[White "Helman, A."]
[Black "Stebbings, A."]
[Result "1-0"]
[WhiteElo "2280"]
[BlackElo "2184"]
[PlyCount "79"]
[EventDate "1974.??.??"]

1. e4 c5 2. Nf3 e6 3. Nc3 Nc6 4. Bb5 d6 5. O-O Bd7 6. d4 cxd4 7. Nxd4 Rc8 8.
Be3 a6 9. Nxc6 Bxc6 10. Bxc6+ Rxc6 11. f4 Nf6 12. Qf3 Be7 13. e5 Nd7 14. exd6
Bxd6 15. Rad1 O-O 16. Rd2 Qc7 17. Rfd1 Nf6 18. g4 Rd8 19. g5 Ne8 20. f5 exf5
21. Qxf5 Bxh2+ 22. Rxh2 Qg3+ 23. Kh1 Rxd1+ 24. Nxd1 Qe1+ 25. Bg1 Qxd1 26. Qxh7+
Kf8 27. Qe4 Re6 28. Rh8+ Ke7 29. Qxb7+ Qd7 30. Bc5+ Kd8 31. Bb6+ Ke7 32. Rxe8+
Kxe8 33. Qb8+ Ke7 34. Bc5+ Rd6 35. Kh2 Ke6 36. Qxd6+ Qxd6+ 37. Bxd6 Kxd6 38.
Kg3 Ke5 39. b4 Kd4 40. a4 1-0

[Event "London league"]
[Site "?"]
[Date "1974.02.20"]
[Round "?"]
[White "Bzowski, J."]
[Black "Stebbings, A."]
[Result "0-1"]
[WhiteElo "2096"]
[BlackElo "2184"]
[PlyCount "72"]
[EventDate "1974.??.??"]

1. g3 d5 2. Nf3 c6 3. Bg2 Bg4 4. h3 Bh5 5. d3 Nd7 6. Nbd2 e6 7. g4 Bg6 8. e4
Bd6 9. Qe2 Rc8 10. a3 Ne7 11. Nf1 c5 12. h4 h5 13. g5 c4 14. Ng3 cxd3 15. cxd3
Qc7 16. Nf1 Nc5 17. Nd4 Be5 18. Qe3 Bf4 19. Qh3 Bxc1 20. Rxc1 Nxd3+ 21. Qxd3
Qxc1+ 22. Ke2 Qxb2+ 23. Nd2 dxe4 24. Bxe4 Nd5 25. Qb5+ Qxb5+ 26. Nxb5 Bxe4 27.
Nd6+ Kd7 28. N2xe4 Rc2+ 29. Kd3 Ra2 30. Nxf7 Rxa3+ 31. Kd4 Rb8 32. Nc5+ Ke7 33.
Ne5 Ra2 34. Rb1 Rd2+ 35. Kc4 Nb6+ 36. Kc3 Rxf2 0-1

[Event "County match"]
[Site "?"]
[Date "1974.03.02"]
[Round "?"]
[White "Pearce, R."]
[Black "Stebbings, A."]
[Result "1/2-1/2"]
[WhiteElo "2104"]
[BlackElo "2184"]
[PlyCount "80"]
[EventDate "1974.??.??"]

1. e4 c5 2. Nf3 e6 3. d4 cxd4 4. Nxd4 Nc6 5. Nc3 a6 6. g3 Nge7 7. Bg2 Nxd4 8.
Qxd4 Nc6 9. Qd3 Be7 10. O-O Qc7 11. Bf4 Ne5 12. Qe2 b5 13. Rad1 O-O 14. Nd5
exd5 15. exd5 d6 16. Bxe5 Bf5 17. Bc3 Rfe8 18. Qf3 Qd7 19. Rde1 Bxc2 20. Re2
Bg6 21. Rfe1 f6 22. h4 Bf7 23. Kh2 Qb7 24. Qf5 Bf8 25. h5 b4 26. Bd4 Qc8 27.
Qf3 Qc4 28. Be3 Re5 29. Qf4 Qxa2 30. Qxb4 Rxh5+ 31. Kg1 a5 32. Qb5 a4 33. Bf4
Bxd5 34. g4 Bxg2 35. Qxh5 Qd5 36. Qxd5+ Bxd5 37. Rd2 Bf3 38. Bxd6 Bxg4 39. Bxf8
Kxf8 40. Rd4 h5 1/2-1/2

[Event "Essex league"]
[Site "?"]
[Date "1974.03.07"]
[Round "?"]
[White "Wills, M."]
[Black "Stebbings, A."]
[Result "0-1"]
[WhiteElo "2160"]
[BlackElo "2184"]
[PlyCount "60"]
[EventDate "1974.??.??"]

1. e4 c5 2. d4 cxd4 3. c3 dxc3 4. Nxc3 Nc6 5. Nf3 d6 6. Bc4 e6 7. O-O Nge7 8.
Bg5 a6 9. Qe2 h6 10. Be3 Ng6 11. Nd4 Be7 12. f4 O-O 13. Rad1 Qc7 14. f5 Nxd4
15. Bxd4 Ne5 16. Bb3 b5 17. Bxe5 dxe5 18. Qg4 b4 19. f6 Bc5+ 20. Kh1 g6 21. Ne2
Qc6 22. Ng3 Kh7 23. Rd3 Bb7 24. Rdf3 Rad8 25. Qh4 Rd2 26. Nf5 exf5 27. Rh3 h5
28. Qg5 Rxg2 29. Qxg2 Qxe4 30. Rhf3 Qg4 0-1

[Event "London league"]
[Site "?"]
[Date "1974.03.15"]
[Round "?"]
[White "Taylor, G."]
[Black "Stebbings, A."]
[Result "1-0"]
[WhiteElo "2000"]
[BlackElo "2184"]
[PlyCount "95"]
[EventDate "1974.??.??"]

1. e4 c5 2. Nf3 e6 3. Be2 Nc6 4. O-O Nf6 5. Nc3 a6 6. d4 cxd4 7. Nxd4 Qc7 8.
Bg5 Be7 9. Qd2 O-O 10. Rad1 Rd8 11. Qe3 Nxd4 12. Qxd4 d6 13. Bf3 Rb8 14. Qa7
Bd7 15. e5 dxe5 16. Ne4 Bc6 17. Bxf6 gxf6 18. Qe3 f5 19. Nd2 e4 20. Bh5 Bf6 21.
b3 Qe5 22. Nc4 Qc3 23. Qc5 Rbc8 24. h3 Qxc2 25. Bxf7+ Kh8 26. Rxd8+ Rxd8 27.
Bxe6 f4 28. Qf5 Rf8 29. Ne5 Be8 30. Nf7+ Bxf7 31. Qxf6+ Kg8 32. Qg5+ Kh8 33.
Qxf4 Kg7 34. Qe5+ Kg8 35. Qg5+ Kh8 36. Rc1 Qxc1+ 37. Qxc1 Bxe6 38. Qc3+ Kg8 39.
Qg3+ Kf7 40. Qc7+ Kg8 41. Qxb7 e3 42. fxe3 Bc8 43. Qe7 Bf5 44. g4 Bc8 45. Kg2
h6 46. Kg3 Rf7 47. Qe8+ Rf8 48. Qg6+ 1-0

[Event "Essex league"]
[Site "?"]
[Date "1974.03.18"]
[Round "?"]
[White "Prescott, L."]
[Black "Stebbings, A."]
[Result "1/2-1/2"]
[WhiteElo "2208"]
[BlackElo "2184"]
[PlyCount "57"]
[EventDate "1974.??.??"]

1. d4 Nf6 2. c4 g6 3. Nc3 d5 4. Nf3 Bg7 5. Bf4 O-O 6. Rc1 dxc4 7. e4 Bg4 8.
Bxc4 Bxf3 9. gxf3 Nh5 10. Be3 e5 11. dxe5 Bxe5 12. Qb3 b6 13. Rd1 Qh4 14. Qb5
Qf6 15. Nd5 Qg7 16. Bh6 Qxh6 17. Ne7+ Kh8 18. Qxe5+ Qg7 19. Qxg7+ Kxg7 20. Bd5
c6 21. Nxc6 Nxc6 22. Bxc6 Rac8 23. Ba4 Nf4 24. Rg1 Rfd8 25. Rg5 Nd3+ 26. Ke2
Nf4+ 27. Ke1 Nd3+ 28. Ke2 Nf4+ 29. Ke1 1/2-1/2

[Event "County match"]
[Site "?"]
[Date "1974.03.23"]
[Round "?"]
[White "Pelling, T."]
[Black "Stebbings, A."]
[Result "0-1"]
[WhiteElo "2104"]
[BlackElo "2184"]
[PlyCount "71"]
[EventDate "1974.??.??"]

1. e4 c5 2. d4 cxd4 3. Nf3 Nc6 4. Nxd4 e6 5. Nb5 d6 6. Bf4 e5 7. Be3 a6 8. N5c3
Nf6 9. Be2 Be7 10. O-O O-O 11. f4 exf4 12. Rxf4 Be6 13. Nd5 Bxd5 14. exd5 Ne5
15. Nc3 Nfd7 16. Rb4 Qc7 17. Qf1 f5 18. Rc1 g6 19. Bd3 Nc5 20. Ne2 a5 21. Rb5
Nexd3 22. cxd3 Qd7 23. Nd4 Bf6 24. Rb6 Bd8 25. Rb5 Re8 26. Bf2 Re5 27. Nf3 Qxb5
28. Nxe5 dxe5 29. Bxc5 Qxb2 30. d6 Qxa2 31. d4 b6 32. Qb5 bxc5 33. Qe8+ Kg7 34.
dxc5 Qd2 35. Rb1 Qd4+ 36. Kh1 0-1

[Event "Essex league"]
[Site "?"]
[Date "1974.03.25"]
[Round "?"]
[White "Stebbings, A."]
[Black "Johnson, R."]
[Result "1-0"]
[WhiteElo "2184"]
[BlackElo "2064"]
[PlyCount "66"]
[EventDate "1974.??.??"]

1. e4 e5 2. Nf3 Nc6 3. Bb5 a6 4. Ba4 Nf6 5. O-O Nxe4 6. d4 b5 7. Bb3 d5 8. dxe5
Be6 9. Qe2 Nc5 10. Rd1 Nxb3 11. axb3 Qc8 12. c3 Bc5 13. b4 Bb6 14. Be3 O-O 15.
Bxb6 cxb6 16. Nd4 Bg4 17. f3 Nxd4 18. Rxd4 Be6 19. Na3 f6 20. Re1 Qc6 21. exf6
Rxf6 22. Qd1 Re8 23. Rd2 Bf7 24. Rde2 Rfe6 25. Nc2 Rxe2 26. Rxe2 Rxe2 27. Qxe2
Qf6 28. Nd4 h6 29. Qe3 Qg6 30. Kf2 Qf6 31. f4 Bg6 32. Qe6+ Qxe6 33. Nxe6 a5 1-0

[Event "London league"]
[Site "?"]
[Date "1974.03.27"]
[Round "?"]
[White "Stebbings, A."]
[Black "Johnson, J."]
[Result "1-0"]
[WhiteElo "2184"]
[BlackElo "2048"]
[PlyCount "69"]
[EventDate "1974.??.??"]

1. e4 e6 2. d4 d5 3. Nc3 Bb4 4. e5 Ne7 5. a3 Bxc3+ 6. bxc3 c5 7. Qg4 Qc7 8.
Qxg7 Rg8 9. Qxh7 cxd4 10. Ne2 Nbc6 11. f4 Bd7 12. Qd3 dxc3 13. Nxc3 Nf5 14. g4
Rxg4 15. Bh3 Nxe5 16. fxe5 Qxe5+ 17. Ne2 Re4 18. Bxf5 exf5 19. Rb1 O-O-O 20.
Kf2 Re8 21. Qc3+ Bc6 22. Qxe5 R8xe5 23. Nf4 Rc4 24. Rb2 d4 25. Re1 Be4 26. Nd3
Ra5 27. Ra2 Rc3 28. Nb4 Rf3+ 29. Kg1 Rc5 30. Bb2 f4 31. h4 Rg3+ 32. Kf2 f5 33.
Bxd4 Rc4 34. Bxa7 Rcc3 35. Nd3 1-0

[Event "Essex league"]
[Site "?"]
[Date "1974.04.01"]
[Round "?"]
[White "Stebbings, A."]
[Black "Yates, G."]
[Result "1/2-1/2"]
[WhiteElo "2184"]
[BlackElo "2000"]
[PlyCount "48"]
[EventDate "1974.??.??"]

1. e4 e5 2. Nf3 Nf6 3. Nc3 Nc6 4. d4 exd4 5. Nd5 Nxd5 6. exd5 Bb4+ 7. Bd2 Bxd2+
8. Qxd2 Qe7+ 9. Be2 d3 10. Qxd3 Ne5 11. Nxe5 Qxe5 12. c3 O-O 13. d6 Re8 14. Rd1
cxd6 15. Rd2 b6 16. Qxd6 Ba6 17. Qxe5 Rxe5 18. Kd1 Bxe2+ 19. Rxe2 Rae8 20. Rhe1
d6 21. Rxe5 dxe5 22. Kc2 f5 23. Rd1 Re7 24. Rd8+ Kf7 1/2-1/2

[Event "Tournament: Southend SCCU ch."]
[Site "?"]
[Date "1974.04.12"]
[Round "?"]
[White "Stebbings, A."]
[Black "Booth, A."]
[Result "0-1"]
[WhiteElo "2184"]
[BlackElo "2032"]
[PlyCount "56"]
[EventDate "1974.??.??"]

1. e4 c5 2. Nf3 d6 3. d4 cxd4 4. Nxd4 Nf6 5. Nc3 g6 6. f4 Nbd7 7. Be3 Bg7 8.
Qf3 O-O 9. O-O-O a6 10. Nb3 Qc7 11. g4 e6 12. g5 Nh5 13. Bd4 e5 14. fxe5 Nxe5
15. Qg2 Be6 16. Nd5 Bxd5 17. exd5 Rac8 18. c3 a5 19. a4 Nc4 20. Qf3 Qd7 21. Kc2
Qxa4 22. Ra1 Qxb3+ 23. Kxb3 Nd2+ 24. Kc2 Nxf3 25. Bxg7 Nxg7 26. Rxa5 Nxg5 27.
Rb5 Rc7 28. Rb6 Nf5 0-1

[Event "Tournament: Southend SCCU ch."]
[Site "?"]
[Date "1974.04.13"]
[Round "?"]
[White "Rose, M."]
[Black "Stebbings, A."]
[Result "0-1"]
[WhiteElo "1928"]
[BlackElo "2184"]
[PlyCount "68"]
[EventDate "1974.??.??"]

1. d4 Nf6 2. Nf3 d5 3. g3 c6 4. Bg2 Bg4 5. Ne5 Bh5 6. Nd2 e6 7. O-O Bd6 8. Ndf3
Ne4 9. c3 f6 10. Nd3 Nd7 11. Nf4 Bf7 12. Qb3 Qc7 13. Bh3 Ke7 14. Ne1 h5 15.
Bxe6 Bxe6 16. Ng6+ Kf7 17. Nxh8+ Rxh8 18. Ng2 h4 19. Nf4 hxg3 20. fxg3 g5 21.
Nxe6 Kxe6 22. c4 Nb6 23. cxd5+ Nxd5 24. Qf3 Qh7 25. Qg2 f5 26. Rf3 Ndf6 27. b3
Ng4 28. d5+ cxd5 29. Rd3 Qxh2+ 30. Qxh2 Rxh2 31. Be3 Nxg3 32. Rad1 Nxe2+ 33.
Kf1 Ng3+ 34. Ke1 Re2# 0-1

[Event "Tournament: Southend SCCU ch."]
[Site "?"]
[Date "1974.04.13"]
[Round "?"]
[White "Stebbings, A."]
[Black "Habershon, P."]
[Result "1-0"]
[WhiteElo "2184"]
[BlackElo "2048"]
[PlyCount "59"]
[EventDate "1974.??.??"]

1. e4 e6 2. d4 d5 3. Nc3 Bb4 4. e5 Qd7 5. Qg4 f5 6. Qg3 b6 7. a3 Bf8 8. Nh3 Ba6
9. Bxa6 Nxa6 10. Nf4 O-O-O 11. Be3 Nb8 12. Nd3 Nc6 13. O-O Nh6 14. b3 Nf7 15.
f4 Be7 16. Ne2 Rdg8 17. Rfc1 g5 18. Qe1 gxf4 19. Ndxf4 Ng5 20. Kh1 Ne4 21. c4
Rg4 22. cxd5 exd5 23. Nc3 Bh4 24. Qf1 Ne7 25. e6 Qe8 26. Qa6+ Kd8 27. Qxa7 Nc8
28. Qb8 c6 29. Ncxd5 Rxg2 30. Qc7# 1-0

[Event "Tournament: Southend SCCU ch."]
[Site "?"]
[Date "1974.04.14"]
[Round "?"]
[White "Stebbings, A."]
[Black "Harding, T."]
[Result "1-0"]
[WhiteElo "2184"]
[BlackElo "2176"]
[PlyCount "91"]
[EventDate "1974.??.??"]

1. e4 d6 2. d4 g6 3. c3 Nc6 4. f4 e5 5. Nf3 Bg7 6. fxe5 dxe5 7. d5 Nce7 8. c4
Bg4 9. Be2 Qd6 10. Nc3 Nf6 11. Be3 Bxf3 12. Bxf3 Qb4 13. a3 Qd6 14. Nb5 Qd7 15.
Bxa7 O-O 16. Be3 Ne8 17. O-O f5 18. Rc1 Nf6 19. d6 cxd6 20. Qxd6 Rfd8 21. Bc5
Qxd6 22. Bxd6 Nc6 23. exf5 gxf5 24. c5 e4 25. Bd1 Bh6 26. Bb3+ Kg7 27. Rce1 Ra5
28. a4 Rxb5 29. axb5 Nd4 30. Bc4 Ng4 31. Bf4 Bxf4 32. Rxf4 Ne5 33. Bf1 Nd3 34.
Bxd3 exd3 35. Kf2 Kg6 36. Rd1 Kg5 37. g3 Nb3 38. Rc4 d2 39. Rc3 Nc1 40. Rc2 Nb3
41. c6 bxc6 42. bxc6 Rc8 43. Rc3 Nd4 44. Rxd2 Ne6 45. Rd7 f4 46. c7 1-0